书目信息 |
| 题名: |
伦理学
|
|
| 作者: | 博威 , 威尔汉 著 ;卢俊 译 | |
| 分册: | ||
| 出版信息: | 北京 经济管理出版社 2013 |
|
| 页数: | 161页 | |
| 开本: | 24cm | |
| 丛书名: | ||
| 单 册: | ||
| 中图分类: | F270-05 | |
| 科图分类: | ||
| 主题词: | 企业伦理--qi ye lun li--伦理学--高等学校--教材 | |
| 电子资源: | ||
| ISBN: | 978-7-5096-2771-6 | |
| 000 | 01037nam0 22002891 450 | |
| 001 | 0116132752 | |
| 005 | 20161219101110.37 | |
| 010 | @a978-7-5096-2771-6@dCNY28.00 | |
| 100 | @a20131223d2013 em y0chiy50 ea | |
| 101 | 1 | @achi@ceng |
| 102 | @aCN@b110000 | |
| 105 | @ay z 000yy | |
| 106 | @ar | |
| 200 | 1 | @a伦理学@9lun li xue@dManagement ethics@f(英)诺曼·E. 鲍伊,(英)帕特里夏·H. 沃哈尼著@g卢俊译@zeng |
| 205 | @a2版 | |
| 210 | @a北京@c经济管理出版社@d2013 | |
| 215 | @a161页@d24cm | |
| 300 | @a高等院校经济管理系列教材 | |
| 330 | @a本书包括股东管理和利益相关者管理、员工的伦理管理、顾客的道德对待、供应链管理和其他问题、企业的社会责任、领导阶层等内容。 | |
| 510 | 1 | @aManagement ethics@zeng |
| 606 | 0 | @a企业伦理@9qi ye lun li@x伦理学@x高等学校@j教材 |
| 690 | @aF270-05@v5 | |
| 701 | 0 | @c(美)@a博威@9bo wei@c(Bowie, Norman E.)@4著 |
| 701 | 0 | @c(美)@a威尔汉@9wei er han@c(女,Werhane, Patricia H.)@4著 |
| 702 | 0 | @a卢俊@9lu juan@4译 |
| 801 | 0 | @aCN@bTANGWEI@c20160820 |
| 905 | @b0952914-8@dF270-05@e1333=2@f5 | |
| 伦理学=Management ethics/(英)诺曼·E. 鲍伊,(英)帕特里夏·H. 沃哈尼著/卢俊译.-2版.-北京:经济管理出版社,2013 |
| 161页;24cm |
| 高等院校经济管理系列教材 |
| ISBN 978-7-5096-2771-6:CNY28.00 |
| 本书包括股东管理和利益相关者管理、员工的伦理管理、顾客的道德对待、供应链管理和其他问题、企业的社会责任、领导阶层等内容。 |
| ● |
| 相关链接 |
|
|
|
|
正题名:伦理学
索取号:F270-05/1333=2
 
预约/预借
| 序号 | 登录号 | 条形码 | 馆藏地/架位号 | 状态 | 备注 |
| 1 | 0952914 | 209529143 | 第一样本阅览室/ [索取号:F270-05/1333=2] | 在馆 | |
| 2 | 0952915 | 209529152 | 第一借阅区/ [索取号:F270-05/1333=2] | 在馆 | |
| 3 | 0952916 | 209529161 | 第一借阅区/ [索取号:F270-05/1333=2] | 在馆 | |
| 4 | 0952917 | 209529170 | 第一借阅区/ [索取号:F270-05/1333=2] | 在馆 | |
| 5 | 0952918 | 209529189 | 第一借阅区/ [索取号:F270-05/1333=2] | 在馆 |